An historical guide to the sculptures of the Parthenon

Saved in:

Corporate Author: British Museum Department of Greek and Roman Antiquities

Other Authors: Ashmole, Bernard

Format: Book

Language: German

Published: London Trustees of the British Museum 1965

Edition: Reprint

Tags: Add Tag

No Tags, Be the first to tag this record!

Call Number: NA6192.Q7 M4 1985

LEADER 00824cam a2200217Mc 4500
001 ocn552087794
003 OCoLC
005 20240130075132.0
008 081113s1965 enka 000 0 ger d
050 4 |a NA6192.Q7  |b M4 1985 
245 0 0 |a An historical guide to the sculptures of the Parthenon  |c [The British Museum, Dep. of Greek and Roman Antiquities] 
250 |a Reprint 
264 1 |a London  |b Trustees of the British Museum  |c 1965 
300 |a 47 Seiten  |b Illustrationen 
336 |a Text  |b txt  |2 rdacontent/ger 
337 |a ohne Hilfsmittel zu benutzen  |b n  |2 rdamedia/ger 
338 |a Band  |b nc  |2 rdacarrier/ger 
500 |a Ausg. basiert auf: Ashmole, Bernard: Short guide to the sculptures of the Parthenon 
700 1 |a Ashmole, Bernard 
710 2 |a British Museum  |b Department of Greek and Roman Antiquities 
999 |c 55715  |d 55715